| 000 | 00736nam a2200265 a 4500 | ||
|---|---|---|---|
| 001 | 000013324 | ||
| 003 | DO-SdBNP | ||
| 005 | 20240412074238.0 | ||
| 007 | ta | ||
| 008 | 091123s1981 dr a 001 0 spa d | ||
| 040 |
_aDO-SdBNP _bspa _cBNPHU |
||
| 082 | 4 |
_aRD867.44 _bL865r _222 |
|
| 100 | 1 |
_aLora, Víctor Manuel _922885 |
|
| 245 | 1 | 0 |
_aRisas dominicanas / _cVíctor Manuel Lora. |
| 250 | _a2a ed. | ||
| 260 |
_aSanto Domingo : _bTaller, _c1981. |
||
| 300 |
_a175 p. : _bil. ; _c21 cm. |
||
| 490 | 1 | _aDebate | |
| 590 | _aInventariado, 2022/MFF | ||
| 650 | 0 |
_aLiteratura dominicana. _967 |
|
| 650 | 4 |
_aHumorismo dominicano _930515 |
|
| 830 | 0 |
_aDebate _913868 |
|
| 910 | _aValidado. Control de calidad MFF | ||
| 942 |
_2ddc _cLBS1 |
||
| 999 |
_c12953 _d12953 |
||